| 000 | 00574nam a2200217Ia 4500 | ||
|---|---|---|---|
| 003 | IT-RoPAU | ||
| 008 | 120407s9999 xx 000 0 und d | ||
| 040 | _aIT-RoPAU | ||
| 040 | _cIT-RoPAU | ||
| 041 | _aita | ||
| 100 | _aMaria Romana De Gasperi | ||
| 100 | _ccur. | ||
| 245 | _aDe Gasperi scrive. Corrispondenza con capi di stato, cardinali, uomini politici, giornalisti, diplomatici. 2 voll. A cura di Maria Romana De Gasperi. | ||
| 250 | _aBrescia | ||
| 260 | _aMorcelliana | ||
| 260 | _c1974 | ||
| 300 | _c cm | ||
| 490 | _v1 | ||
| 942 | _cBK | ||
| 999 |
_c14098 _d14098 |
||